000 01658nam a2200277 a 4500
001 000048767
003 OSt
005 20210405150544.0
008 190411s2018 dr ac 000 p spa d
020 _a9789945091724
040 _aDO-SdBNP
_bspa
_cBNPHU
082 _aRD861.44
_bV855v, 2018
245 0 0 _aViva es la voz de la verdad :
_bantología poética /
_cedición, introducción y notas de Rei Berroa ; [XXVI Maratón de Poesía del Teatro de la Luna].
260 _aSanto Domingo :
_b[Teatro de la luna],
_c2018.
300 _a381 p. :
_bil., retrs. ;
_c22 cm.
490 1 _aLibros de la luna
_v13
500 _aIncluye referencias bibliográficas y notas al pie de las páginas
505 0 _aReconocimientos --
_tPresentación --
_rAída Cartagena Portalatín: Mucha mujer en un sollo nombre --
_tSelección poética --
_tUna mujer está sola --
_tCómo llorar la muerte de una rosa --
_tEstación en la tierra --
_tBibliografía básica --
_rLeopoldo de Luis: El hondón del testimonio solidario --
_tSeleccion de poemas --
_tMee siento extraño --
_tLa ropa en la ventana --
_tLos nombres de las cosas
_tLa palabra --
_tHuelen las rosas
_tPlinio Chahín (República Dominicana, 1958)
_rJorge Galán (El Salvador, 1973)
_rManuel Iris (México, 1983)
_rPedro Larrea (España, 1981)
_rMilagros Terán (Nicaragua)
_rCarlos Velásquez Torres (Bogotá, Colombia)
_rTony Espaillat (Santiago, (República Dominicana)
590 _aInventariado, 2019 /LP
650 4 _aPoesía dominicana
_978308
650 4 _aLiteratura dominicana
_978309
700 1 _aBerroa, Rei,
_d1949-
_eeditor
_9160
830 0 _aLibros de la luna
_v13
_910156
910 _aD/G
942 _2ddc
_cLBS1
999 _c48255
_d48255